000 00570nam a2200241Ia 4500
005 20260123164123.0
008 008 260114s9999 xx 000 0 eng d
020 _a9789390464548
037 _aEBOOK
040 _aCRL
040 _beng
040 _cCRL
041 _2eng
041 _aeng
084 _qCRL
100 _aMohanty
_91106168
245 0 _aFundamentals of entrepreneurship (rev.)
260 _bPHI
856 _uhttps://elibrary.phindia.com/ebooks/reader/9789390464548
942 _cEBOOK
999 _c1671291
_d1671291